000 00278nam a22001217a 4500
008 170809b xxu||||| |||| 00| 0 eng d
041 _aeng
080 _a004
100 _a35
101 _aSHKI
245 _aTRAFFIC CONTROL AND TRANSPORTATION SYSTEMS
_cAFCET
942 _2udc
_cBK
999 _c23015
_d23015